[Event "2nd Konex it"]
[Site "Buenos Aires ARG"]
[Date "1979.07.22"]
[Round "8"]
[White "Szmetan, Jorge"]
[Black "Diez del Corral Rivas, Jesus"]
[Result "0-1"]
[WhiteElo "2400"]
[BlackElo "2485"]
[EventDate "1979.07.12"]
[PlyCount "50"]

1.e4 g6 2.d4 c6 3.Nc3 d5 4.Nf3 Bg7 5.h3 Nh6 6.Bd3 f6 7.Qe2 Nf7 8.Bd2 O-O 
9.O-O-O e5 10.dxe5 fxe5 11.Nh2 d4 12.Nb1 Nd7 13.g3 Nc5 14.f4 Nxd3+ 15.Qxd3
Be6 16.Na3 c5 17.c4 exf4 18.gxf4 Nd6 19.Nf3 b5 20.Ng5 Bxc4 21.Nxc4 bxc4 
22.Qc2 d3 23.Qa4 Bd4 24.Bc3 Bxc3 25.bxc3 Rxf4 0-1

[Event "2nd Konex it"]
[Site "Buenos Aires ARG"]
[Date "1979.07.22"]
[Round "8"]
[White "Emma, Jaime"]
[Black "Schweber, Samuel"]
[Result "1/2-1/2"]
[WhiteElo "2435"]
[BlackElo "2450"]
[EventDate "1979.07.12"]
[PlyCount "83"]

1.e4 e6 2.d3 c5 3.g3 d5 4.Nd2 Nc6 5.Bg2 d4 6.f4 e5 7.Ngf3 f6 8.O-O Nh6 9.
fxe5 fxe5 10.Nc4 Nf7 11.Nh4 g6 12.Qf3 Be6 13.Bh3 Qe7 14.Bxe6 Qxe6 15.a4 
Be7 16.Bd2 O-O 17.Qg2 Nd6 18.b3 Rxf1+ 19.Rxf1 Rf8 20.Nf3 Kg7 21.g4 Nxc4 
22.bxc4 Rb8 23.Qg3 Kg8 24.h3 b6 25.Kg2 Bf6 26.g5 Bg7 27.Qg4 Qxg4+ 28.hxg4 
Re8 29.Kf2 Bf8 30.Ke2 Bd6 31.Ne1 Rf8 32.Rf6 Rxf6 33.gxf6 Kf7 34.g5 Nd8 35.
Kf3 Ke6 36.Kg4 Nf7 37.Nf3 Bf8 38.Nh4 Nd6 39.Be1 Nf7 40.Bg3 Bd6 41.Nf3 Nd8 
42.Be1 1/2-1/2

[Event "2nd Konex it"]
[Site "Buenos Aires ARG"]
[Date "1979.07.22"]
[Round "8"]
[White "Liberzon, Vladimir"]
[Black "Najdorf, Miguel"]
[Result "1/2-1/2"]
[WhiteElo "2515"]
[BlackElo "2515"]
[EventDate "1979.07.12"]
[PlyCount "35"]

1.e4 e5 2.Nf3 d6 3.d4 Nf6 4.dxe5 Nxe4 5.Qd5 Nc5 6.Bg5 Qd7 7.exd6 Bxd6 8.
Nc3 O-O 9.O-O-O Nc6 10.Nb5 Qg4 11.Nxd6 cxd6 12.Qc4 Ne4 13.h3 Qf5 14.Be3 
Be6 15.Qb5 d5 16.Bd3 Rfc8 17.Kb1 Qf6 18.Bxe4 1/2-1/2

[Event "2nd Konex it"]
[Site "Buenos Aires ARG"]
[Date "1979.07.23"]
[Round "9"]
[White "Diez del Corral Rivas, Jesus"]
[Black "Bernat, Miguel"]
[Result "1-0"]
[WhiteElo "2485"]
[BlackElo "2410"]
[EventDate "1979.07.12"]
[PlyCount "95"]

1.e4 e6 2.d4 d5 3.Nc3 Bb4 4.e5 c5 5.a3 Bxc3+ 6.bxc3 Qc7 7.Qg4 f5 8.Qh5+ 
Qf7 9.Qh4 cxd4 10.cxd4 Ne7 11.Nf3 Ng6 12.Qg3 Qc7 13.Ra2 Nc6 14.h4 O-O 15.
Be2 f4 16.Qh3 Qa5+ 17.Bd2 Qb6 18.O-O Nxd4 19.Nxd4 Qxd4 20.Bc3 Qb6 21.h5 
Ne7 22.Bb4 Rf7 23.c4 Nf5 24.Rd1 Bd7 25.cxd5 exd5 26.Bg4 Be6 27.Bd6 Re8 28.
Rad2 h6 29.Kh2 Qc6 30.Rd3 Qd7 31.Rxd5 Bxd5 32.Rxd5 Qc6 33.Qd3 Nxd6 34.exd6
Rff8 35.d7 Rd8 36.Rd6 Qc5 37.Rxh6 Qg5 38.Be6+ Rf7 39.Bxf7+ Kxf7 40.Rd6 
Qxh5+ 41.Kg1 Qe5 42.Kf1 Kf8 43.Rd4 Kf7 44.Re4 Qg5 45.Qc4+ Kf8 46.Rxf4+ Ke7
47.Qe2+ Kxd7 48.Qd2+ 1-0

[Event "2nd Konex it"]
[Site "Buenos Aires ARG"]
[Date "1979.07.23"]
[Round "9"]
[White "Rubinetti, Jorge Alberto"]
[Black "Szmetan, Jorge"]
[Result "1/2-1/2"]
[WhiteElo "2430"]
[BlackElo "2400"]
[EventDate "1979.07.12"]
[PlyCount "82"]

1.c4 c5 2.Nf3 Nf6 3.d4 cxd4 4.Nxd4 e6 5.g3 d5 6.Bg2 e5 7.Nf3 d4 8.O-O Nc6 
9.e3 Bg4 10.h3 Bxf3 11.Qxf3 Be7 12.exd4 exd4 13.Qb3 Qd7 14.Rd1 O-O 15.Nc3 
Rac8 16.Nd5 Nxd5 17.cxd5 Na5 18.Qf3 Bf6 19.b3 Rc3 20.Qg4 Qd6 21.Bb2 b5 22.
Bxc3 dxc3 23.Rac1 g6 24.h4 h5 25.Qe4 b4 26.Bf3 Bd8 27.Kg2 Bb6 28.Rc2 Nb7 
29.Re2 Qc5 30.Qf4 Nd6 31.Qg5 Kg7 32.Qe5+ Kh7 33.Rde1 Re8 34.Qf4 Rxe2 35.
Rxe2 Bd8 36.Qc1 Nf5 37.Be4 Nd4 38.Re1 f5 39.Bf3 Nxf3 40.Kxf3 Qxd5+ 41.Ke2 
Qb5+ 1/2-1/2

[Event "2nd Konex it"]
[Site "Buenos Aires ARG"]
[Date "1979.07.23"]
[Round "9"]
[White "Trois, Francisco"]
[Black "Emma, Jaime"]
[Result "1/2-1/2"]
[WhiteElo "2415"]
[BlackElo "2435"]
[EventDate "1979.07.12"]
[PlyCount "25"]

1.Nf3 c5 2.g3 b6 3.e4 Bb7 4.d3 g6 5.Bg2 Bg7 6.O-O d6 7.c3 Nc6 8.d4 e5 9.
dxc5 dxc5 10.Na3 Nf6 11.Nc4 O-O 12.Nfxe5 Nxe5 13.Nxe5 1/2-1/2

[Event "2nd Konex it"]
[Site "Buenos Aires ARG"]
[Date "1979.07.25"]
[Round "10"]
[White "Szmetan, Jorge"]
[Black "Schweber, Samuel"]
[Result "1/2-1/2"]
[WhiteElo "2400"]
[BlackElo "2450"]
[EventDate "1979.07.12"]
[PlyCount "80"]

1.Nf3 g6 2.d4 Nf6 3.g3 c5 4.d5 b5 5.Bg2 Bb7 6.c4 Bg7 7.O-O O-O 8.Re1 bxc4 
9.e4 e6 10.Nc3 exd5 11.exd5 d6 12.Nd2 Ba6 13.Bf1 Nbd7 14.Bxc4 Bxc4 15.Nxc4
Nb6 16.Qd3 Nxc4 17.Qxc4 Rb8 18.a3 Qd7 19.Kg2 Qf5 20.Re2 Rfe8 21.Rxe8+ Nxe8
22.Ne4 Rb6 23.Ra2 a5 24.b3 Bd4 25.Re2 Nc7 26.Bh6 Qh5 27.Qxd4 Qxh6 28.Nf6+ 
Kh8 29.Qg4 Kg7 30.Qd7 Kxf6 31.Qe7+ Kg7 32.Qxc7 Qh5 33.Qxb6 Qxe2 34.Qxd6 
Qe4+ 35.Kf1 Qb1+ 36.Ke2 Qc2+ 37.Kf1 Qd3+ 38.Kg1 Qb1+ 39.Kg2 Qe4+ 40.Kf1 
Qb1+ 1/2-1/2

[Event "2nd Konex it"]
[Site "Buenos Aires ARG"]
[Date "1979.07.25"]
[Round "10"]
[White "Bernat, Miguel"]
[Black "Rubinetti, Jorge Alberto"]
[Result "0-1"]
[WhiteElo "2410"]
[BlackElo "2430"]
[EventDate "1979.07.12"]
[PlyCount "76"]

1.Nf3 Nf6 2.b3 c5 3.Bb2 e6 4.c4 b6 5.g3 Bb7 6.Bg2 Be7 7.O-O O-O 8.Nc3 d6 
9.d4 Nbd7 10.d5 exd5 11.Nh4 Rb8 12.cxd5 g6 13.Re1 Ne8 14.Nf3 a6 15.e4 Bf6 
16.Qc2 b5 17.Rad1 Bg7 18.Ne2 Nef6 19.Nf4 Nb6 20.Bxf6 Qxf6 21.e5 dxe5 22.
Nxe5 Qd6 23.Nc6 Rbe8 24.Re2 c4 25.bxc4 Nxc4 26.Rde1 Rxe2 27.Qxe2 Bc3 28.
Rc1 Bf6 29.Re1 Qa3 30.Qf3 Qxf3 31.Bxf3 Nd6 32.Nd3 Kg7 33.Nc5 Bc8 34.Kg2 
Nc4 35.Re2 a5 36.Ne7 b4 37.Nxc8 Rxc8 38.Nd7 Bc3 0-1

[Event "2nd Konex it"]
[Site "Buenos Aires ARG"]
[Date "1979.07.25"]
[Round "10"]
[White "Liberzon, Vladimir"]
[Black "Ljubojevic, Ljubomir"]
[Result "0-1"]
[WhiteElo "2515"]
[BlackElo "2590"]
[EventDate "1979.07.12"]
[PlyCount "60"]

1.e4 c5 2.Nf3 d6 3.d4 Nf6 4.Nc3 cxd4 5.Nxd4 a6 6.Bg5 e6 7.f4 b5 8.e5 dxe5 
9.fxe5 Qc7 10.Qe2 Nfd7 11.O-O-O Bb7 12.Nxe6 fxe6 13.Qh5+ g6 14.Qg4 Be7 15.
Bxe7 Nxe5 16.Qg3 Kxe7 17.Bxb5 Rc8 18.Rhf1 axb5 19.Qg5+ Ke8 20.Qf6 Nf3 21.
gxf3 b4 22.Qh8+ Kf7 23.Qxh7+ Kf6 24.Qh4+ Kg7 25.Qxb4 Rxa2 26.Kb1 Ra6 27.
Rf2 Nc6 28.Qd6 Qa5 29.Qd7+ Kh8 30.Kc1 Rd8 0-1

[Event "2nd Konex it"]
[Site "Buenos Aires ARG"]
[Date "1979.07.26"]
[Round "11"]
[White "Trois, Francisco"]
[Black "Szmetan, Jorge"]
[Result "1/2-1/2"]
[WhiteElo "2415"]
[BlackElo "2400"]
[EventDate "1979.07.12"]
[PlyCount "45"]

1.Nf3 c5 2.c4 g6 3.Nc3 Bg7 4.e3 Nf6 5.d4 O-O 6.Be2 cxd4 7.exd4 d5 8.h3 Nc6
9.O-O b6 10.Ne5 Bb7 11.Bf3 Na5 12.Re1 Rc8 13.b3 dxc4 14.Bxb7 Nxb7 15.bxc4 
Nd7 16.Nf3 Rxc4 17.Nd5 e6 18.Bg5 Nf6 19.Nxf6+ Bxf6 20.Bxf6 Qxf6 21.Ne5 Rc7
22.Qa4 Rd8 23.Qxa7 1/2-1/2

[Event "2nd Konex it"]
[Site "Buenos Aires ARG"]
[Date "1979.07.26"]
[Round "11"]
[White "Schweber, Samuel"]
[Black "Bernat, Miguel"]
[Result "1/2-1/2"]
[WhiteElo "2450"]
[BlackElo "2410"]
[EventDate "1979.07.12"]
[PlyCount "147"]

1.e4 e6 2.d4 d5 3.Nc3 Bb4 4.e5 c5 5.a3 Bxc3+ 6.bxc3 Qc7 7.Nf3 Ne7 8.Bd3 b6
9.a4 Ba6 10.O-O Bxd3 11.cxd3 cxd4 12.cxd4 Nbc6 13.Ba3 O-O 14.Rc1 Qd7 15.
Rc3 Rfc8 16.Qc2 Na5 17.Bxe7 Rxc3 18.Qxc3 Qxe7 19.Rc1 h6 20.h4 Qd7 21.Qc2 
Rb8 22.Qc7 Qxc7 23.Rxc7 a6 24.Ra7 Nc6 25.Rxa6 Nb4 26.Ra7 Nxd3 27.h5 Nf4 
28.g3 Nxh5 29.Ra6 g6 30.Ne1 Ng7 31.Nc2 Nf5 32.g4 Nh4 33.Kf1 Nf3 34.Ke2 Rc8
35.Kd3 Rc4 36.Rxb6 Rxa4 37.Rc6 Kg7 38.Ke3 Ng5 39.f3 Ra2 40.Rc3 Rb2 41.Ne1 
Rb1 42.Nd3 Rf1 43.f4 Rf3+ 44.Ke2 Ne4 45.Kxf3 Nxc3 46.f5 gxf5 47.gxf5 Nb5 
48.Ke3 exf5 49.Nf4 Nc7 50.Kf3 Kf8 51.Nh5 Ne6 52.Ke3 f4+ 53.Kd3 f3 54.Ke3 
f2 55.Kxf2 Nxd4 56.Nf4 Nc6 57.Nxd5 Nxe5 58.Kg3 Kg7 59.Kf4 Nc6 60.Kf5 Nd4+ 
61.Ke5 Ne6 62.Kf5 h5 63.Nf6 Nd4+ 64.Kg5 Nf3+ 65.Kf5 h4 66.Nh5+ Kh6 67.Nf4 
Ng5 68.Kf6 Ne6 69.Nd3 Ng5 70.Nf4 Ne6 71.Nd3 Nd4 72.Nf4 Nf3 73.Kf5 Ng5 74.
Kf6 1/2-1/2

[Event "2nd Konex it"]
[Site "Buenos Aires ARG"]
[Date "1979.07.26"]
[Round "11"]
[White "Ljubojevic, Ljubomir"]
[Black "Najdorf, Miguel"]
[Result "1-0"]
[WhiteElo "2590"]
[BlackElo "2515"]
[EventDate "1979.07.12"]
[PlyCount "67"]

1.e4 c5 2.Nf3 e6 3.d4 cxd4 4.Nxd4 Nc6 5.Nc3 Qc7 6.Be3 a6 7.Bd3 Nf6 8.O-O 
Ne5 9.Nf3 d6 10.a4 b6 11.Nd2 Bb7 12.Be2 d5 13.f4 Bc5 14.Bxc5 Qxc5+ 15.Kh1 
Ng6 16.e5 Nd7 17.Nb3 Qe7 18.Nd4 O-O 19.Bd3 Nc5 20.Nce2 Ne4 21.c3 f6 22.
Bxe4 dxe4 23.Qb3 Bd5 24.c4 fxe5 25.cxd5 exd4 26.Nxd4 exd5 27.Qxd5+ Qf7 28.
Ne6 e3 29.Rae1 Rac8 30.Qe4 Rfe8 31.f5 Ne7 32.Ng5 Qd5 33.Qxe3 h6 34.f6 1-0

[Event "2nd Konex it"]
[Site "Buenos Aires ARG"]
[Date "1979.07.26"]
[Round "11"]
[White "Emma, Jaime"]
[Black "Browne, Walter Shawn"]
[Result "0-1"]
[WhiteElo "2435"]
[BlackElo "2540"]
[EventDate "1979.07.12"]
[PlyCount "84"]

1.d4 Nf6 2.Nf3 e6 3.e3 b6 4.Bd3 Bb7 5.O-O Be7 6.b3 O-O 7.Bb2 c5 8.Nbd2 d5 
9.Qe2 Nbd7 10.Rfd1 Rc8 11.c4 cxd4 12.exd4 Rc7 13.Ne5 dxc4 14.bxc4 Nxe5 15.
dxe5 Nd7 16.Ne4 Bxe4 17.Bxe4 g6 18.Rac1 Qc8 19.h4 Bxh4 20.Rc3 Be7 21.Rh3 
Rd8 22.f4 Nc5 23.Rxd8+ Qxd8 24.Bc2 Rd7 25.Bc3 Bf8 26.g4 h6 27.Kf1 Bg7 28.
Qe3 Qc8 29.Qe2 Qa6 30.f5 Qxa2 31.g5 Na4 32.gxh6 Nxc3 33.Rxc3 Qa1+ 34.Qe1 
Qxe1+ 35.Kxe1 Bxe5 36.Re3 Bf4 37.fxe6 Bxe3 38.exd7 Bg5 39.Ke2 Kf8 40.h7 
Kg7 41.Kd3 Kxh7 42.Ke4 Bd8 0-1

[Event "2nd Konex it"]
[Site "Buenos Aires ARG"]
[Date "1979.07.21"]
[Round "12"]
[White "Kortschnoj, Viktor"]
[Black "Browne, Walter Shawn"]
[Result "1/2-1/2"]
[WhiteElo "2695"]
[BlackElo "2540"]
[EventDate "1979.07.12"]
[PlyCount "157"]

1.d4 Nf6 2.c4 e6 3.Nc3 Bb4 4.Qc2 c5 5.e3 O-O 6.a3 Bxc3+ 7.Qxc3 b6 8.dxc5 
bxc5 9.b4 d5 10.Bb2 cxb4 11.axb4 dxc4 12.Bxc4 Qb6 13.Nf3 Ba6 14.O-O Bxc4 
15.Qxc4 Nbd7 16.Bd4 Qb7 17.b5 Rfc8 18.Qe2 Ne4 19.Ra5 Nd6 20.Qa2 e5 21.Bxa7
Nc4 22.Ra6 Qxb5 23.Rb1 Qd5 24.h3 h6 25.Qa4 Rc7 26.Qa1 Rac8 27.Rd1 Qe4 28.
Ra4 Qf5 29.Qa2 Qe6 30.Ra6 Rc6 31.Rxc6 Rxc6 32.Qb3 Rc7 33.Bb8 Rc8 34.Ba7 
Qc6 35.e4 Nf6 36.Rc1 Qxe4 37.Nd2 Qa8 38.Rxc4 Rxc4 39.Nxc4 Qxa7 40.Qb2 e4 
41.Ne3 Qc7 42.Qd4 h5 43.Nc4 Qc8 44.Kf1 Qe6 45.Nd2 g5 46.f3 e3 47.Ne4 Nxe4 
48.fxe4 Qa6+ 49.Kg1 Qe2 50.Qd8+ Kh7 51.Qxg5 Qd1+ 52.Kh2 e2 53.Qxh5+ Kg8 
54.Qg5+ Kf8 55.Qc5+ Ke8 56.Qb5+ Kd8 57.Qb8+ Kd7 58.Qb5+ Ke6 59.Qe8+ Kd6 
60.Qb8+ Kc5 61.Qc7+ Kd4 62.Qd8+ Ke3 63.Qg5+ Kd3 64.Qd5+ Kc3 65.Qc5+ Kb3 
66.Qb5+ Ka3 67.Qc5+ Ka4 68.Qc4+ Ka5 69.Qc5+ Ka6 70.Qc6+ Ka5 71.Qc5+ Ka4 
72.Qc4+ Ka3 73.Qc5+ Ka2 74.Qc4+ Kb2 75.Qb4+ Qb3 76.Qd2+ Qc2 77.Qb4+ Ka2 
78.Kg3 Qd1 79.Qc4+ 1/2-1/2

[Event "2nd Konex it"]
[Site "Buenos Aires ARG"]
[Date "1979.07.28"]
[Round "12"]
[White "Szmetan, Jorge"]
[Black "Emma, Jaime"]
[Result "1/2-1/2"]
[WhiteElo "2400"]
[BlackElo "2435"]
[EventDate "1979.07.12"]
[PlyCount "80"]

1.e4 e5 2.Nf3 Nc6 3.Bb5 Bc5 4.c3 Nf6 5.d4 exd4 6.e5 Ne4 7.cxd4 Bb4+ 8.Nbd2
O-O 9.O-O Nxd2 10.Bxd2 Bxd2 11.Qxd2 Ne7 12.Rfe1 d5 13.Bd3 Bf5 14.Bxf5 Nxf5
15.Qf4 Ne7 16.Rac1 c6 17.Rc3 Qd7 18.Nh4 Qe6 19.h3 a5 20.Rb3 Rab8 21.Qd2 b6
22.f4 h6 23.Kh2 c5 24.dxc5 bxc5 25.Qxa5 c4 26.Rf3 f5 27.exf6 Qxf6 28.Rxe7 
Qxe7 29.Ng6 Qe4 30.Nxf8 Rxf8 31.Qc7 Rf7 32.Qb8+ Rf8 33.Qb4 Rf6 34.b3 Kh7 
35.bxc4 Rxf4 36.Rg3 dxc4 37.Qc3 Qd4 38.a4 g5 39.a5 Qxc3 40.Rxc3 Rf5 
1/2-1/2

[Event "2nd Konex it"]
[Site "Buenos Aires ARG"]
[Date "1979.07.28"]
[Round "12"]
[White "Liberzon, Vladimir"]
[Black "Rubinetti, Jorge Alberto"]
[Result "1/2-1/2"]
[WhiteElo "2515"]
[BlackElo "2430"]
[EventDate "1979.07.12"]
[PlyCount "114"]

1.e4 e5 2.Nf3 Nc6 3.Bb5 a6 4.Ba4 Nf6 5.O-O Be7 6.Re1 b5 7.Bb3 d6 8.c3 O-O 
9.h3 Nb8 10.d4 Nbd7 11.Nbd2 Bb7 12.Bc2 Re8 13.b4 Bf8 14.Bb2 a5 15.a3 Nb6 
16.Rb1 Nfd7 17.Bd3 c6 18.Nb3 axb4 19.cxb4 Rc8 20.Na5 Ba8 21.Rc1 g6 22.Qd2 
Bg7 23.Ba1 Qe7 24.Bf1 Qf8 25.Rcd1 Bh6 26.Qa2 Qe7 27.g3 Kg7 28.h4 f6 29.Bh3
Rc7 30.Qb3 Qf7 31.Qd3 Nf8 32.Re2 Kg8 33.dxe5 dxe5 34.Rc2 Ne6 35.Bb2 Rd7 
36.Qe2 Rxd1+ 37.Qxd1 Rd8 38.Qe2 Nd4 39.Nxd4 exd4 40.Qd3 Na4 41.Bc1 Bxc1 
42.Rxc1 Nb2 43.Qb3 Qxb3 44.Nxb3 Kf7 45.Rb1 Nc4 46.Rd1 Nxa3 47.Rxd4 Rxd4 
48.Nxd4 Ke7 49.Kf1 Kd6 50.Ke2 c5 51.bxc5+ Kxc5 52.Kd3 b4 53.Be6 Bb7 54.
Nb3+ Kd6 55.Bg8 Ba6+ 56.Ke3 h6 57.f4 Ke7 1/2-1/2

[Event "2nd Konex it"]
[Site "Buenos Aires ARG"]
[Date "1979.07.28"]
[Round "12"]
[White "Bernat, Miguel"]
[Black "Trois, Francisco"]
[Result "0-1"]
[WhiteElo "2410"]
[BlackElo "2415"]
[EventDate "1979.07.12"]
[PlyCount "84"]

1.e4 c5 2.c3 d5 3.exd5 Qxd5 4.d4 Nc6 5.Nf3 Bg4 6.Be2 cxd4 7.cxd4 e6 8.Nc3 
Qa5 9.O-O Nf6 10.Be3 Be7 11.h3 Bh5 12.Qb3 Qb4 13.g4 Bg6 14.Ne5 O-O 15.Qxb4
Nxb4 16.h4 h5 17.g5 Nfd5 18.Nxg6 fxg6 19.Nxd5 Nxd5 20.Bd3 Kf7 21.Rae1 Bb4 
22.Re2 Rac8 23.a3 Bd6 24.Bd2 Rfe8 25.Bb1 Bc7 26.Re4 Bb6 27.Rfe1 Rc4 28.Be3
Ba5 29.Rd1 Rec8 30.Bd3 R4c6 31.Kg2 a6 32.Rh1 b5 33.Rh3 Ne7 34.Rf4+ Nf5 35.
Be4 Rd6 36.Rff3 Kg8 37.b4 Bb6 38.Bb7 Rc2 39.Bxa6 Bxd4 40.Bxd4 Rxd4 41.Bxb5
Nxh4+ 42.Rxh4 Rxh4 0-1

[Event "2nd Konex it"]
[Site "Buenos Aires ARG"]
[Date "1979.07.30"]
[Round "13"]
[White "Trois, Francisco"]
[Black "Quinteros, Miguel Angel"]
[Result "1/2-1/2"]
[WhiteElo "2415"]
[BlackElo "2545"]
[EventDate "1979.07.12"]
[PlyCount "110"]

1.d4 g6 2.e4 Bg7 3.Nf3 d6 4.c3 Nf6 5.Nbd2 O-O 6.Be2 Nc6 7.O-O Re8 8.Re1 e5
9.dxe5 Nxe5 10.Nxe5 Rxe5 11.Bf3 Qe7 12.Nc4 Re6 13.Bg5 h6 14.Bxf6 Bxf6 15.
g3 h5 16.Qc2 Bd7 17.Ne3 c6 18.Rad1 Re8 19.Bg2 Bg7 20.Qa4 a6 21.Qb4 b5 22.
a4 Bh6 23.axb5 axb5 24.Qa5 Bc8 25.Nc2 Bg7 26.Nd4 Bxd4 27.cxd4 Bb7 28.f4 
Ra8 29.Qc3 Ra4 30.b3 Ra2 31.Rd2 Rxd2 32.Qxd2 Qd8 33.h3 Qb6 34.Kh2 Re8 35.
b4 Ra8 36.e5 dxe5 37.dxe5 Rd8 38.Qe3 Qxe3 39.Rxe3 Rd2 40.Kg1 Rb2 41.e6 
fxe6 42.Rd3 Rxb4 43.Rd8+ Kf7 44.Rd7+ Kf6 45.Rxb7 Rb1+ 46.Kh2 c5 47.g4 hxg4
48.hxg4 g5 49.Kg3 Rb3+ 50.Bf3 gxf4+ 51.Kxf4 e5+ 52.Ke4 Rb4+ 53.Kd5 e4 54.
Be2 Rb2 55.Bxb5 e3 1/2-1/2

[Event "2nd Konex it"]
[Site "Buenos Aires ARG"]
[Date "1979.07.30"]
[Round "13"]
[White "Schweber, Samuel"]
[Black "Liberzon, Vladimir"]
[Result "0-1"]
[WhiteElo "2450"]
[BlackElo "2515"]
[EventDate "1979.07.12"]
[PlyCount "96"]

1.e4 g6 2.d4 Bg7 3.c4 d6 4.Nc3 Nf6 5.Be2 O-O 6.Nf3 Nbd7 7.e5 dxe5 8.dxe5 
Ng4 9.e6 fxe6 10.O-O Nde5 11.Qxd8 Rxd8 12.Nb5 Bd7 13.Ng5 h6 14.Ne4 c6 15.
Nbc3 Nf6 16.Rd1 b6 17.Bf4 Nxe4 18.Nxe4 Be8 19.b3 g5 20.Bxe5 Bxe5 21.Rxd8 
Rxd8 22.Rd1 Bd4 23.Kf1 c5 24.Bg4 Bd7 25.Nd2 e5 26.Bxd7 Rxd7 27.Ke2 Kf7 28.
Ne4 Kg6 29.g4 Rd8 30.Rh1 a6 31.a4 Rh8 32.Rb1 Rc8 33.h3 b5 34.cxb5 axb5 35.
Rc1 bxa4 36.bxa4 Kf7 37.Kd3 Ke6 38.Rc2 Kd5 39.Nc3+ Bxc3 40.Kxc3 Ra8 41.Ra2
Ra5 42.Kb3 Ke4 43.Kc4 e6 44.Ra3 Kf4 45.f3 Kg3 46.Re3 Rxa4+ 47.Kxc5 Rf4 48.
Rxe5 Rxf3 0-1

[Event "2nd Konex it"]
[Site "Buenos Aires ARG"]
[Date "1979.07.30"]
[Round "13"]
[White "Browne, Walter Shawn"]
[Black "Szmetan, Jorge"]
[Result "1-0"]
[WhiteElo "2540"]
[BlackElo "2400"]
[EventDate "1979.07.12"]
[PlyCount "157"]

1.d4 Nf6 2.Nf3 c5 3.d5 d6 4.Nc3 e6 5.e4 exd5 6.exd5 Be7 7.Be2 O-O 8.O-O 
Na6 9.Re1 Nc7 10.a4 b6 11.Bc4 a6 12.Rb1 Qd7 13.b4 b5 14.axb5 axb5 15.Be2 
c4 16.Nd4 Bb7 17.Bf3 Nfxd5 18.Ndxb5 Nxb5 19.Nxd5 Bxd5 20.Bxd5 Rac8 21.Bb2 
c3 22.Bc1 Bf6 23.Qd3 Rb8 24.Rd1 g6 25.Be3 Rfd8 26.h3 Nc7 27.Ba7 Rb5 28.Bc4
Rb7 29.Bd4 Bxd4 30.Qxd4 d5 31.Qxc3 Qc6 32.Qb3 Rdb8 33.Bxd5 Nxd5 34.Qxd5 
Qxc2 35.Rdc1 Qe2 36.Qd4 h5 37.Rb2 Qe7 38.Rcb1 Rb5 39.Qc4 Qb7 40.Rb3 Rc8 
41.Qe2 Rb8 42.h4 Qd5 43.g3 Kh7 44.Kh2 R8b7 45.Kg1 Qd4 46.Qf3 Kg7 47.Rd1 
Qe5 48.Qc6 Qe7 49.Qc3+ Kh7 50.Re1 Qd7 51.Rb2 Rc7 52.Qe3 Qd6 53.Qb3 Qf6 54.
Re3 Rc1+ 55.Kg2 Qc6+ 56.f3 Rf5 57.Rbe2 Rc4 58.Qb2 Rb5 59.Rb3 Qd6 60.Rd2 
Qc6 61.Qa2 Rf5 62.Qb1 Rb5 63.Qa2 Rf5 64.Qb2 Rb5 65.Kh2 Qc7 66.Kh3 Qc8+ 67.
Kh2 Qc7 68.Kh3 Rc1 69.Rbd3 Rf5 70.Rd8 Rc3 71.R8d3 Rxf3 72.Rxf3 Rxf3 73.Rg2
Rf1 74.Kh2 Qb7 75.b5 Qe4 76.Rg1 Rf3 77.b6 Qe3 78.b7 Rf2+ 79.Rg2 1-0